Wathu jana yahapathata krusikarmeka viplawayak (Record no. 5248)
[ view plain ]
| 000 -LEADER | |
|---|---|
| fixed length control field | 00450nam a2200157Ia 4500 |
| 005 - DATE AND TIME OF LATEST TRANSACTION | |
| control field | 20250624021019.0 |
| 008 - FIXED-LENGTH DATA ELEMENTS--GENERAL INFORMATION | |
| fixed length control field | 240331s9999 xx 000 0 und d |
| 020 ## - INTERNATIONAL STANDARD BOOK NUMBER | |
| ISBN | 9789551355012 |
| 082 ## - DDC Classification | |
| Item Number - Author Mark | WIJ |
| Class No. | 331 |
| 100 ## - MAIN ENTRY--PERSONAL NAME | |
| Personal name | Wijayachandra,S |
| 245 #0 - TITLE STATEMENT | |
| Title | Wathu jana yahapathata krusikarmeka viplawayak |
| 260 ## - PUBLICATION, DISTRIBUTION, ETC. | |
| Place of publication, distribution, etc. | Rajagiriya |
| Name of publisher, distributor, etc. | Chankshe |
| Date of publication, distribution, etc. | 2006 |
| 300 ## - PHYSICAL DESCRIPTION | |
| Extent (e.g. Volumes, Pages etc.) | 75 p ., |
| 500 ## - GENERAL NOTE | |
| General note | An agricultural revolution for the benefit of the estate people |
| 942 ## - Koha item type (Biblio) | |
| Koha item type | Books in Stacks (Lending) |
| Lost status | Damaged status | Collection code | Home library | Current library | Shelving location | Date acquired | Full call number | Accession Number | Item type |
|---|---|---|---|---|---|---|---|---|---|
| Lending | WERC Library | WERC Library | Social Science Cupboard | 03/31/2024 | 331.62 WIJ | 6328 | Books in Stacks (Lending) |
